<?xml version="1.0" encoding="UTF-8"?>
<collection xmlns="http://www.loc.gov/MARC21/slim">
  <record>
    <leader>00000nam  2200000   4500</leader>
    <controlfield tag="001">INLIS000000000003225</controlfield>
    <controlfield tag="005">20190718091924</controlfield>
    <datafield tag="035" ind1="#" ind2="#">
      <subfield code="a">0010-0718003225</subfield>
    </datafield>
    <controlfield tag="008">190718################g##########0#ind##</controlfield>
    <datafield tag="041" ind1=" " ind2=" ">
      <subfield code="a">id</subfield>
    </datafield>
    <datafield tag="082" ind1="#" ind2="#">
      <subfield code="a">158.5</subfield>
    </datafield>
    <datafield tag="090" ind1=" " ind2=" ">
      <subfield code="a">158.5 Coh n</subfield>
    </datafield>
    <datafield tag="100" ind1=" " ind2="#">
      <subfield code="a">Cohen, Herb</subfield>
    </datafield>
    <datafield tag="245" ind1="1" ind2="#">
      <subfield code="a">Negosiasi /</subfield>
      <subfield code="c">Herb Cohen</subfield>
    </datafield>
    <datafield tag="250" ind1="#" ind2="#">
      <subfield code="a">Cet.2</subfield>
    </datafield>
    <datafield tag="260" ind1="#" ind2="#">
      <subfield code="a">Jakarta :</subfield>
      <subfield code="b">Pantja Simpati,</subfield>
      <subfield code="c">1980</subfield>
    </datafield>
    <datafield tag="300" ind1="#" ind2="#">
      <subfield code="a">277 hlm. ;</subfield>
      <subfield code="c">21 cm</subfield>
    </datafield>
    <datafield tag="650" ind1=" " ind2="#">
      <subfield code="a">Negosiasi</subfield>
    </datafield>
    <datafield tag="084" ind1="#" ind2="#">
      <subfield code="a">158.5 Coh n</subfield>
    </datafield>
    <datafield tag="504" ind1="#" ind2="#">
      <subfield code="a">Buku ini memberikan kepada Anda kemampuan untuk mengatur dan mengarahkan hidup anda untuk mendapat apa yang anda inginkan. Ia juga memberi petunjuk kepada Anda tentang apa yang harus dikerjakan dan bagaimana caranya. Mulai dari hubungan antara anak dengan orang tua sampai kepada hubungan internasional yang cukup kompleks, negosiasi selalu ikut ambil bagian. Negosiasi merupakan suatu proses yang dapat anda pahami dan ramalkan. Negosiasi adalah juga suatu keahlian praktis yang dapat Anda pelajari guna kepuasan hidup anda dan meningkatkan prosentasi kemenangan Anda. Didalam buku ini Herb Cohen menunjukkan pendekatan yang spesifik untuk melakukan hubungan dengan teman Anda, pimpinan Anda, toko serba ada Anda, bankir Anda, anak-anak Anda, pengacara Anda, sahabat karib Anda, bahkan dengan diri Anda sendiri. Negosiasi memberikan pandangan segar yang bijaksana dan sangat membantu terhadap realisasi diri Anda. Buku ini mengenai negosiasi yang dipraktekan, bukan yang diucapkan. Tanpa terpaku pada istilah teknis atau hukum, Herb Cohen akan mengajar  korban tanpa curiga dalam Anda Menang-menang dan akan memperlihatkan tektik Menang-Kalah. Anda tidak lagi menjadi korban tanpa curiga dalam melakukan hubungan dengan orang di sekitar Anda.</subfield>
    </datafield>
    <datafield tag="856" ind1="#" ind2="#">
      <subfield code="a">Perpustakaan Lembaga Administrasi Negara</subfield>
    </datafield>
    <datafield tag="990" ind1="#" ind2="#">
      <subfield code="a">22712</subfield>
    </datafield>
    <datafield tag="990" ind1="#" ind2="#">
      <subfield code="a">22711</subfield>
    </datafield>
    <datafield tag="990" ind1="#" ind2="#">
      <subfield code="a">22712</subfield>
    </datafield>
    <datafield tag="990" ind1="#" ind2="#">
      <subfield code="a">22711</subfield>
    </datafield>
    <datafield tag="990" ind1="#" ind2="#">
      <subfield code="a">22711</subfield>
    </datafield>
    <datafield tag="990" ind1="#" ind2="#">
      <subfield code="a">22712</subfield>
    </datafield>
  </record>
</collection>
